Reporte del viaje generacional del curso de Introducción a la Agroindustria a los estados de México, Puebla, Hidalgo, Tlaxcala, Veracruz y Tamaulipas / (Record no. 176732)
[ view plain ]
| 000 -CABECERA | |
|---|---|
| campo de control de longitud fija | 02200nam a2200409Ia 4500 |
| 001 - NÚMERO DE CONTROL | |
| campo de control | dia_5717 |
| 003 - IDENTIFICADOR DEL NÚMERO DE CONTROL | |
| campo de control | CHAP |
| 005 - FECHA Y HORA DE LA ÚLTIMA TRANSACCIÓN | |
| campo de control | 20240314181727.0 |
| 007 - CAMPO FIJO DE DESCRIPCIÓN FÍSICA--INFORMACIÓN GENERAL | |
| campo de control de longitud fija | ta |
| 008 - DATOS DE LONGITUD FIJA--INFORMACIÓN GENERAL | |
| campo de control de longitud fija | 220117s2007 mx ado fr 001 0 spa d |
| 040 ## - FUENTE DE LA CATALOGACIÓN | |
| Centro/agencia transcriptor | CHAP |
| Centro catalogador/agencia de origen | mxchpua |
| 090 ## - LOCALMENTE ASIGNADO TIPO-LC NÚMERO DE CLASIFICACIÓN (OCLC); NÚMERO DE CLASIFICACIÓN LOCAL (RLIN) | |
| Número de clasificación (OCLC) (R) ; Numero de clasificación, CALL (RLIN) (NR) | T.C.469 |
| Número cutter local (OCLC) ; Número de libro/Signatura topográfica íntegra, CALL (RLIN) | S99 IA |
| Año | 2007 |
| 245 10 - MENCIÓN DE TÍTULO | |
| Título | Reporte del viaje generacional del curso de Introducción a la Agroindustria a los estados de México, Puebla, Hidalgo, Tlaxcala, Veracruz y Tamaulipas / |
| Mención de responsabilidad, etc. | coordinadora Rosa Guadalupe Szymanski Duque ; colaboradores David Noe Ávalos Calderón...[et al.] |
| 260 ## - PUBLICACIÓN, DISTRIBUCIÓN, ETC. | |
| Lugar de publicación, distribución, etc. | México : |
| Nombre del editor, distribuidor, etc. | El autor, |
| Fecha de publicación, distribución, etc. | 2007 |
| 300 ## - DESCRIPCIÓN FÍSICA | |
| Extensión | 98 hojas : |
| Otras características físicas | ilustraciones, gráficas, diagramas, tablas, fotos |
| 336 ## - TIPO DE CONTENIDO | |
| Fuente | rdacontent |
| Término de tipo de contenido | texto |
| Código de tipo de contenido | txt |
| 337 ## - TIPO DE MEDIO | |
| Fuente | rdamedia |
| Nombre/término del tipo de medio | no mediado |
| Código del tipo de medio | n |
| 338 ## - TIPO DE SOPORTE | |
| Fuente | rdacarrier |
| Nombre/término del tipo de soporte | volumen |
| Código del tipo de soporte | nc |
| 500 ## - NOTA GENERAL | |
| Nota general | 4° año Grupo 2<br/>Incluye directorio dentro del reporte. |
| 502 ## - NOTA DE TESIS | |
| Nota de tesis | Viaje de Estudios |
| Tipo de título | (IA) -- |
| Nombre de la institución que otorga el título | UACh. Departamento de Ingeniería Agroindustrial, |
| Año de obtención del título | 2007 |
| 505 ## - NOTA DE CONTENIDO CON FORMATO | |
| Título | Empresas visitadas: --<br/>1. Yakult -- <br/>2. Embotelladora Los volcanes -- <br/>3. Empacadora Silva -- <br/>4. Maltería Cuahutemoc -- <br/>5. Empresa Karoli -- <br/>6. Rastro frigorífico TIF #72 -- <br/>7. Enceradora de naranja -- <br/>8. Empacadora de limón CC Tropicales -- <br/>9. Empresas de jugo CITRIFRUT -- <br/>10. Forrajera ALBAGRAN -- <br/>11. Empresa Gaya Vaimex -- <br/>12. Embotelladora Coca-cola -- <br/>13. Empresa Queso Chila -- <br/>14. Rastro TIF Villa Aldama -- <br/>15. Empresa Mexilac -- <br/>16. Empresa Boing Pascual -- <br/>17. Beneficio de café Los Arcos y Tostadas Café Delicias -- <br/>18. Centro de Estudios de la Leche (CEDELE) |
| 650 13 - PUNTO DE ACCESO ADICIONAL DE MATERIA--TÉRMINO DE MATERIA | |
| Término de materia o nombre geográfico como elemento de entrada | Industria agrícola |
| 9 (RLIN) | 137236 |
| 650 13 - PUNTO DE ACCESO ADICIONAL DE MATERIA--TÉRMINO DE MATERIA | |
| Término de materia o nombre geográfico como elemento de entrada | Industria cervecera |
| 9 (RLIN) | 57799 |
| 650 13 - PUNTO DE ACCESO ADICIONAL DE MATERIA--TÉRMINO DE MATERIA | |
| Término de materia o nombre geográfico como elemento de entrada | Industria de los alimentos |
| 9 (RLIN) | 148659 |
| 650 13 - PUNTO DE ACCESO ADICIONAL DE MATERIA--TÉRMINO DE MATERIA | |
| Término de materia o nombre geográfico como elemento de entrada | Agricultural industry |
| 9 (RLIN) | 147917 |
| 650 13 - PUNTO DE ACCESO ADICIONAL DE MATERIA--TÉRMINO DE MATERIA | |
| Término de materia o nombre geográfico como elemento de entrada | Brewing industry |
| 9 (RLIN) | 151423 |
| 650 13 - PUNTO DE ACCESO ADICIONAL DE MATERIA--TÉRMINO DE MATERIA | |
| Término de materia o nombre geográfico como elemento de entrada | Food industry |
| 9 (RLIN) | 148657 |
| 700 1# - PUNTO DE ACCESO ADICIONAL--NOMBRE DE PERSONA | |
| Nombre de persona | Szymanski Duque, Rosa Guadalupe |
| 9 (RLIN) | 151434 |
| Término indicativo de función/relación | coordinadora |
| 700 1# - PUNTO DE ACCESO ADICIONAL--NOMBRE DE PERSONA | |
| Nombre de persona | Ávalos Calderón, David Noe |
| 9 (RLIN) | 159426 |
| Término indicativo de función/relación | colaborador |
| 942 ## - ELEMENTOS DE PUNTO DE ACCESO ADICIONAL (KOHA) | |
| Fuente del sistema de clasificación o colocación | Clasificación Universidad Autónoma de Chapingo |
| 901 ## - ELEMENTOS DE DATOS A LOCAL LDA (RLIN) | |
| a | T.C.469 S99 IA 2007 |
| 902 ## - ELEMENTOS DE DATOS B LOCAL, LDB (RLIN) | |
| a | M |
| 905 ## - ELEMENTOS DE DATOS E LOCAL, LDE (RLIN) | |
| a | 5232272007 mx di 8223123322spa16 |
| 942 ## - ELEMENTOS DE PUNTO DE ACCESO ADICIONAL (KOHA) | |
| Tipo de ítem Koha | Viaje de Estudios |
| Estado de retiro | Estado de pérdida | Fuente del sistema de clasificación o colocación | Estado dañado | Restricciones de uso | No para préstamo | Código de colección | Localización permanente | Ubicación/localización actual | Fecha de adquisición | Fuente de adquisición | Total de préstamos | Signatura topográfica completa | Código de barras | Fecha visto por última vez | Número de copia | Precio válido a partir de | Tipo de ítem Koha |
|---|---|---|---|---|---|---|---|---|---|---|---|---|---|---|---|---|---|
| Clasificación Universidad Autónoma de Chapingo | Préstamo 5 días | Viajes de Estudio | Ingenieria Agroindustrial | Ingenieria Agroindustrial | 18/01/2022 | El autor | T.C.469 S99 IA 2007 | 1106008674 | 26/01/2026 | Ej. 2 | 18/01/2022 | Viaje de Estudios | |||||
| Clasificación Universidad Autónoma de Chapingo | Préstamo interno | Viajes de Estudio | Ingenieria Agroindustrial | Ingenieria Agroindustrial | 18/01/2022 | El autor | T.C.469 S99 IA 2007 | 1106008673 | 26/01/2026 | Ej. 1 | 18/01/2022 | Viaje de Estudios |
